Caminos a reccorrer para la revisión y emisión de las Normas Contables en un contexto de integración regional (Registro nro. 31416)

Detalles MARC
000 -LEADER
fixed length control field 00504 a2200133 4500
001 - CONTROL NUMBER
control field ART_30612
005 - DATE AND TIME OF LATEST TRANSACTION
control field 20260410162002.0
008 - FIXED-LENGTH DATA ELEMENTS--GENERAL INFORMATION
fixed length control field 260409a
100 1# - MAIN ENTRY--PERSONAL NAME
Personal name Fronti de García, Luisa
245 10 - TITLE STATEMENT
Title Caminos a reccorrer para la revisión y emisión de las Normas Contables en un contexto de integración regional
700 1# - ADDED ENTRY--PERSONAL NAME
Personal name García Casella, Carlos Luis
700 1# - ADDED ENTRY--PERSONAL NAME
Personal name Rodríguez de Ramírez, María del Carmen
773 0# - HOST ITEM ENTRY
Title Foro económico
Related parts - Año II, Nº 3 (nov. 1996)
Record control number REV30369

No hay ítems disponibles.